00885nem a2200217 u 450000500170000000800410001704000250005804100080008304400070009111000820009824502000018025500170038026000980039730000310049565000170052665000200054365000160056371000290057971000190060871000400062720200104041744.0160512b2003 c ||||| |a|| 00| 0 spa d aCO-BoIAVHcCO-BoIAVH aspa ack2 aInstituto de Investigación de Recursos Biológicos Alexander von Humboldt.1 aCorporaciones Autónomas regionales- Parque Nacionales Naturales presentes en los Andes colombianosbProyecto: Conservación y usos sostenible de los Andes colombianosh[Material Cartografico] a1:2´000.000 aBogota ;bInstituto de Investigación de Recursos Biológicos Alexander von Humboldt.c2002 a1 mapabcolorc70 x 50 cm16aEcosistemas 14aRegiones Andes 14aGeografía1 aFondo Mundial Ambiental 1 aBanco Mundial 1 aEmbajada Real de los Países Bajos